02012 2200409 4500001002100000005001500021035002000036008004100056020001800097041000800115082001200123084001800135100002400153245008700177260004300264300003600307504001400343520077900357650003001136650003601166990002501202990002501227990002501252990002501277990002501302990002501327990002501352990002501377990002501402990002501427990002501452990002501477990002501502990002501527990002501552990002501577INLIS00000000000815020221102101943 a0010-0520008150221102 | | ind  a9789797692933 aind a343.072 a343.072 MUS h0 aMustafa Kamal Rokan1 aHukum Persaingan Usaha :bTeori dan Praktiknya di Indonesia /cMustafa Kamal Rokan aJakarta :bRajagrafindo Persada,c2010 axxviii, 304 p. ; 21 cm ;c21 cm ap.283-290 aAda perbedaan mendasar dari buku ini dengan buku sejenis, yaitu Penulis memasukkan unsur Islam dalam persaingan usaha. Berbagai uraian menarik bagaimana Islam mengatur persaingan dapat dibaca dalam Bab II yang berjudul "Monopoli dalam Perspektif Islam". Disini Penulis diperlihatkan betapa Islam telah lama memperkenalkan persaingan yang sehat bagi para pelaku usaha. Hal lain yang menarik dari buku ini adalah pembahasan berbagai larangan dari UU Persaingan Usaha. Pembahasan tidak hanya bersifat teoritis atau sekedar menguraikan pasal-pasal dalam UU Persaingan Usaha, tetapi juga melakukan pembahasan terhadap sejumlah perkara. Karenanya, buku ini patut diapreasiasi karena memberi informasi yang banyak dalam memperkaya pengetahuan tentang hukum persaingan di Indonesia. 4aAntitrust law - Indonesia 4aCompetition, unfair - Indonesia a18801/MKRI-P/XI-2010 a18802/MKRI-P/XI-2010 a18800/MKRI-P/XI-2010 a18799/MKRI-P/XI-2010 a18799/MKRI-P/XI-2010 a18801/MKRI-P/XI-2010 a18802/MKRI-P/XI-2010 a18800/MKRI-P/XI-2010 a18801/MKRI-P/XI-2010 a18802/MKRI-P/XI-2010 a18800/MKRI-P/XI-2010 a18799/MKRI-P/XI-2010 a18800/MKRI-P/XI-2010 a18801/MKRI-P/XI-2010 a18802/MKRI-P/XI-2010 a18799/MKRI-P/XI-2010